Manual de presupuestos : (Registro nro. 12107)

Detalles MARC
000 -LEADER
longitud fija campo de control 01703nam a22005177a 4500
003 - IDENTIFICADOR DE NUMERO DE CONTROL
control del campo AR-RoUNA
005 - FECHA DE LA ULTIMA MODIFICACION
control del campo 20250910175102.0
008 - CAMPO DE CONTROL - LIBROS
longitud fija campo de control 250910b |||||||| |||| 00| 0 spa d
020 ## - INTERNATIONAL STANDARD BOOK NUMBER
ISBN 9875840785
040 ## - ORIGEN DE LA CATALOGACION
Agencia que cataloga la obra original AR-RoUNA
Idioma en que se cataloga spa
Entidad que modifico el registro AR-RoUNA
041 ## - CODIGO DE IDIOMA
Codigo de idioma del texto / sonido o titulo separado spa
Codigo de idioma de la traduccion original y / o intermedios de texto spa
044 ## - CODIGO DE PAIS / ENTIDAD PRODUCTORA
Codigo MARC del pais ag
100 1# - ASIENTO PRINCIPAL - NOMBRE PERSONAL
Nombre personal Somoza, Emilce
9 (RLIN) 27399
245 10 - TITULO PROPIAMENTE DICHO
Titulo Manual de presupuestos :
Subtitulo para el diseño grafico /
Mencion de responsabilidad, etc Emilce Somoza y Alejandro Gandman
250 ## - MENCION DE EDICION
Edicion declarada 1a. ed.
260 ## - EDITORIAL - PUBLICACION, DISTRIBUCION, ETC. (Pie de imprenta)
Lugar de publicacion, distribucion, etc Buenos Aires, Argentina :
Nombre del editor, distribuidor, etc Nobuko,
Fecha de publicacion 2007
300 ## - DESCRIPCION FISICA
Extension 284 p.
Otros detalles fisicos gráficos,
Dimensiones 21x15 cm
505 0# - NOTA DE CONTENIDO CON FORMATO
Título INDICE
505 0# - NOTA DE CONTENIDO CON FORMATO
Título Agradecimientos
505 0# - NOTA DE CONTENIDO CON FORMATO
Título Prologo
505 0# - NOTA DE CONTENIDO CON FORMATO
Título Introduccion
505 0# - NOTA DE CONTENIDO CON FORMATO
Título Areas de incercion laboral
505 0# - NOTA DE CONTENIDO CON FORMATO
Título principal El Cliente
505 0# - NOTA DE CONTENIDO CON FORMATO
Título principal El Proveedor
505 0# - NOTA DE CONTENIDO CON FORMATO
Título principal Los Medios
505 0# - NOTA DE CONTENIDO CON FORMATO
Título Confeccion del presupuesto
505 0# - NOTA DE CONTENIDO CON FORMATO
Título Tipos de presupuestos
505 0# - NOTA DE CONTENIDO CON FORMATO
Título Programacion grafica
505 0# - NOTA DE CONTENIDO CON FORMATO
Título Aspectos Legales
505 0# - NOTA DE CONTENIDO CON FORMATO
Título Trabajo Larga Distancia - e-commerce
505 0# - NOTA DE CONTENIDO CON FORMATO
Título Etica Profesional
505 0# - NOTA DE CONTENIDO CON FORMATO
Título Casos Reales
505 0# - NOTA DE CONTENIDO CON FORMATO
Título Glosario
505 0# - NOTA DE CONTENIDO CON FORMATO
Título Bibliografia
520 3# - NOTA DE RESUMEN
Nota de resumen, etc. Este documento, es una completa guía práctica para la confección de un presupuesto, la creación y administración de un estudio de diseño y para ayuda a un desempeño correcto de la profesión del diseñador gráfico.
650 #4 - MATERIA - TERMINO TEMATICO
Término temático general Manual de presupuestos
General subdivision Tipologias
650 #4 - MATERIA - TERMINO TEMATICO
Término temático general Diseño grafico
650 #4 - MATERIA - TERMINO TEMATICO
Término temático general Aspectos Legales
650 #4 - MATERIA - TERMINO TEMATICO
Término temático general Etica profesional
700 1# - ENTRADA SECUNDARIA - NOMBRES PERSONALES
Nombre personal Gandman, Alejandro
9 (RLIN) 27402
908 ## - SOPORTE
Soporte Imp
930 ## - ACCESION
Numero de accesion (NR) 12233
942 ## - FUENTE DE CLASIFICACION
Clasificacion Dewey Decimal Classification
Tipo de item Libro
945 ## - INFORMACION DE PROCESAMIENTO
Codigo del operador MIA
Fecha de ingreso o modificacion 2025-09-10
980 ## - DECLARACIÓN DE EQUIVALENCIA O SERIE DE REFERENCIA CRUZADA - NOMBRE / TÍTULO PERSONAL [LOCAL, CANADÁ]
Código del operador 1
Nombre del operador Maricel Allasia
Código del operador que modifico el registro 1
Nombre del operador que modifico el registro Maricel Allasia
Existencias
Estado retiro Estado perdido Sistema de clasificacion Estado general Restricciones de uso Biblioteca de origen Ubicacion actual Localizacion en estante Fecha de adquisicion Fuente de adquisicion Prestamos totales Renocaciones totales Signatura y librística Proveedor Numero de ejemplar Tipo de elemento KOHA Nota no publica
Disponible Disponible cdu No dañado Ningun uso de restricciones Arq. Hilarión H. Larguia Arq. Hilarión H. Larguia Diseño Gráfico - Sala 10/09/2025 Don 1 1 657.31 SO697 18364 ej. 1 Libro